Maschinen im Baubetrieb

Enregistré dans:
Détails bibliographiques
Auteur principal: Künig, Horst (Auteur)
Format: Livre
Langue:allemand
Publié: Wiesbaden : Vieweg + Teubner, 2011
Édition:3. vyd.
Sujets:
Tags: Ajouter un tag
Pas de tags, Soyez le premier à ajouter un tag!

MARC

LEADER 00000nam a22000003a 4500
001 stu269494
005 20150617230206.2
008 130701s2011------------------------ger-d
020 |a 978-3-8348-0953-7 
040 |a STU  |b slo 
041 0 |a ger 
080 |a 621.87 
080 |a 624/625 
100 1 |a Künig, Horst  |4 aut 
245 1 |a Maschinen im Baubetrieb 
250 |a 3. vyd. 
260 |a Wiesbaden :  |b Vieweg + Teubner,  |c 2011 
300 |a 357 s 
500 |a Centrum VTI SR 
650 7 |a stavebné stroje  |2 stusub 
650 7 |a stavba ciest  |2 stusub 
996 |b 284J041162  |c J*115934  |l JJSK  |s A  |a 24  |w stu269494_0001